Transformace v organizaci a možné přístupy k její realizaci

Téma transformácie a realizácie komplexných zmien v organizáciách v odvetví finančných služieb má svoju dôležitosť, pretože úspech či neúspech pri realizácii transformácie môže významne a dlhodobo ovplyvniť postavenie organizácie na trhu. Základné faktory úspešnosti transformácie. Plánovanie a riade...

Descripción completa

Guardado en:
Detalles Bibliográficos
Autor principal: Slezák, Martin
Formato: Capítulo de libro
Lenguaje:checo
Materias:
Etiquetas: Agregar Etiqueta
Sin Etiquetas, Sea el primero en etiquetar este registro!

MARC

LEADER 00000naa a2200000 4500
001 0304662
005 20241018122400.7
041 0 |a cze 
044 |a CZ 
245 1 0 |a Transformace v organizaci a možné přístupy k její realizaci  |c Martin Slezák 
520 |a Téma transformácie a realizácie komplexných zmien v organizáciách v odvetví finančných služieb má svoju dôležitosť, pretože úspech či neúspech pri realizácii transformácie môže významne a dlhodobo ovplyvniť postavenie organizácie na trhu. Základné faktory úspešnosti transformácie. Plánovanie a riadenie transformácie v organizácii. Prístupy k transformácii v organizáciách z odvetvia finančných služieb. 
610 2 0 |a organizácie 
610 2 0 |a transformácia 
610 2 0 |a odvetvia činnosti ekonomickej 
610 2 0 |a služby finančné 
610 2 0 |a plánovanie 
610 2 0 |a koordinácia 
610 2 0 |a riziko 
100 1 |a Slezák, Martin